000 00860nab a2200265 u 4500
001 19800
003 HDC
007 cr bn ---aaaaa
008 210302c20091219xx dr|noo 0 a eng d
040 _aHDC
100 _aWong, Jack
_eauthor
_918091
245 0 _aSea Party to produce biotech products / by
_cJack Wong
260 _a[No place] :
_b[publisher not identified],
_c2012
300 _a1 online resource
336 _atext
_2rdacontent
337 _acomputer
_2rdamedia
338 _aonline resource
_2rdacarrier
650 _aBiotech products
_918092
650 _aHalal Hub
_92262
710 _aHalal Focus
856 _zRequest full-text at [email protected]
942 _2lcc
942 _cNEWS
942 _kNWSO 006263
999 _c17116
_d17116